00643nam a2200205 a 45000010005000000030009000050080041000140400028000550820018000832450076001012600053001773000014002304900029002446500036002736500034003096500021003436500019003646500020003836500034004036726CO-ViMGA141112s2004 ck r 000 u spa d aCO-ViMGAbspacCO-ViMGA04aCh 861.5 G11710aGabriela Mistral, Juana de Ibarbourou, Alfonsina Storni : bselección aSantafé de Bogotá : bPanAméricana, c1997 a50 p : il aCuadernillos de poesía14aIbarbourou, Juan de 1895 - 198014aMistral, Gabriela 1889 - 195714aPOESIA ARGENTINA14aPOESIA CHILENA14aPOESIA URUGUAYA14aStorni, Alfonsina 1892 - 1937